Responses for Show #5954 - Thursday, July 1, 2010

Contestants

[<< previous game]

Dave Edwards, an architect from Los Angeles, California

Kristina Glithero, a law student originally from Indianapolis, Indiana

Steven Milton, a legal case assistant from San Diego, California (whose 2-day cash winnings total $30,299)

[next game >>]

Jeopardy! Round responses

THE QUOTABLE '60s
STATE YOUR BUSINESS
(Alex: In fact, you have to tell us the state in which the business is located.)
THE GREEK LETTER EQUIVALENT
"HOLE"-Y
COW
BATMAN
    $200 26
the Eagle has landed

Dave
    $200 12
Minnesota

Dave
    $200 6
[All the clues in this category were presented centered on the screen in a larger-than-usual font size.]

gamma

Dave
    $200 9
a dry hole

Dave
    $200 18
milking

Kristina
    $200 1
the Batcave

Dave
    $400 27
John Lennon

Dave
    $400 13
Vermont

Kristina
    $400 7
kappa

Steven
    $400 14
(Steven: What are keyholes?)

finger holes

StevenDave
    $400 19
(Dave: What is cheese?)
(Steve: What is chocolate?)
...
(Alex: Yes, [*] carving.)

butter

StevenKristinaDave
    $400 2
(Kristina: Who is Albert?)

Alfred

StevenKristina
    $600 28
the Watts Riots

Steven
    $1,000 23
Michigan

Kristina
    $600 8
mu

Kristina
    $600 15
a sinkhole

Kristina
    $600 20
Taurus

Steven
    $600 3
Christian Bale

Steven
    $800 29
(Lyndon) Johnson

Kristina
    $800 24
Washington

Kristina
    $800 10
rho

Dave
    $800 16
(Dave: What is Jackson Hole?)
...
(Alex: ...hence, [*] gang.)

the Hole in the Wall

Dave
Triple Stumper
    $800 21
a heifer

Steven
    $800 4
(Kristina: What is bat place?)

bat channel

KristinaDave
    $1000 30
César Chávez

Steven
    $1000 25
Delaware

Steven
    $1000 11
phi

Dave
    $1000 17
the Black Hole of Calcutta

Triple Stumper
    $1000 22
stomach

Kristina
    $1000 5
(Steven: Who is Prince?)

Danny Elfman

Steven
Triple Stumper

Scores at the first commercial break (after clue 15):

Steven Kristina Dave
$0 $400 $3,800

Scores at the end of the Jeopardy! Round:

Steven Kristina Dave
$3,600 $4,600 $3,200

Double Jeopardy! Round responses

ANTHROPOLOGY
'90s BEST PICTURE PLOT POINTS
JULY
ON THE PHONE
PLEASE BELIZE ME
"OY" TO THE WORLD
    $400 26
Lucy

Steven
    $400 11
Titanic

Kristina
    $400 6
Hoover

Kristina
    $400 16
satellite

Kristina
    $400 1
the British Empire (the United Kingdom accepted)

Steven
    $400 21
a decoy

Kristina
    $800 27
a missing link

Dave
    $800 12
Forrest Gump

Kristina
    $800 7
the Arc de Triomphe

Steven
    $800 17
the birth of his daughter

Triple Stumper
    $800 2
a hurricane

Kristina
    $800 22
[ERRATUM: The interpretation of the word as deriving from corde du roi is a false etymology. Duroy was a coarse woollen cloth made in England in the 18th century.]

corduroy

Triple Stumper
    $2,000 28
(Dave: What is...I don't know?)
...
(Alex: Famous anthropologists in Kenya.)

the Leakeys

Dave
    $1200 13
The English Patient

Dave
    $1200 8
(Steven: What is the Bill of Rights?)

the Riot Act

StevenDave
    $1200 18
a desk set

Dave
    $1200 3
Guatemala

Kristina
    $1200 23
a boysenberry

Dave
    $1600 29
Neanderthal

Dave
    $1600 14
Dances with Wolves

Steven
    $1600 9
Spain

Dave
    $1600 19
keyboard

Dave
    $1600 4
(Dave: Who is Michael Crichton?)

Sir Arthur Conan Doyle

Dave
Triple Stumper
    $2,000 24
(Dave: What is a viceroy?)

an envoy

Dave
    $2000 30
(Steven: What is Homo sapiens?)

Homo erectus

StevenDave
    $2000 15
The Silence of the Lambs

Triple Stumper
    $2000 10
the Islamic calendar

Kristina
    $2000 20
the Jitterbug

Dave
    $2000 5
(Dave: What is mulatto?)

Creole

KristinaDave
    $2000 25
the destroyer

Dave

Scores at the end of the Double Jeopardy! Round:

Steven Kristina Dave
$3,600 $13,000 $12,000

[wagering suggestions for these scores]

Final Jeopardy! Round responses

MONARCHS
(Alex: Anwar Sadat granted the Shah of [*] asylum.)
StevenWhat is Jordan?
$2,599
DaveWhat is Iran Iraq
$1,001
KristinaWhat is the Pan Arab Republic? [Pan Arab Republic crossed out]
$11,001
Iran

Final scores:

Steven Kristina Dave
$1,001 $1,999 $13,001
3rd place: $1,000 2nd place: $2,000 New champion: $13,001

Game dynamics:

Coryat scores:

Steven Kristina Dave
$3,600 $12,600 $16,000
12 R,
5 W
18 R
(including 1 DD),
2 W
21 R,
6 W
(including 2 DDs)

Combined Coryat: $32,200

[game clues] [game scores] [suggest correction]

Game tape date: 2010-03-03
The J! Archive is created by fans, for fans. Scraping, republication, monetization, and malicious use prohibited; this site may use cookies and collect identifying information. See terms. The Jeopardy! game show and all elements thereof, including but not limited to copyright and trademark thereto, are the property of Jeopardy Productions, Inc. and are protected under law. This website is not affiliated with, sponsored by, or operated by Jeopardy Productions, Inc. Join the discussion at JBoard.tv.